Xarxa Barcelona Municipis de Qualitat : 2000-2003 2000-2003
Descripción Física:
331, 41 pàgines : il·lustracions ; 30 cm
Materias:
Xarxa Barcelona Municipis de Qualitat
; Cooperació municipal -- Barcelona (Província)
; Polítiques públiques -- Barcelona (Província)
; Administració províncial -- Barcelona (Província)
Idioma:
Catalán
MARC
| LEADER | 00000nam a2200000uc 4500 | ||
|---|---|---|---|
| 001 | 25013283 | ||
| 008 | s2004||||sp ||||gr|||| ||| ||cat|d | ||
| 040 | |a BGR |b cat | ||
| 110 | 1 | |a Barcelona (Catalunya : Província). |b Diputació |9 52408 | |
| 245 | 0 | 0 | |a Xarxa Barcelona Municipis de Qualitat : |b 2000-2003 |
| 246 | 2 | 4 | |a Memòria de desplegament de protocol general |
| 250 | |a Primera edició | ||
| 260 | |a Barcelona : |b Diputació de Barcelona, |c maig de 2004 | ||
| 300 | |a 331, 41 pàgines : |b il·lustracions ; |c 30 cm | ||
| 500 | |a A la coberta: Memòria de desplegament del protocol general. | ||
| 610 | 2 | 0 | |a Xarxa Barcelona Municipis de Qualitat |9 41491 |
| 650 | 1 | 0 | |a Cooperació municipal |9 7678 |z Barcelona (Província) |
| 650 | 1 | 0 | |a Polítiques públiques |9 53674 |z Barcelona (Província) |
| 650 | 1 | 0 | |a Administració províncial |z Barcelona (Província) |9 23004 |
| 942 | |c ARXIU |2 udc |n 1 | ||
| 952 | |0 0 |1 0 |4 0 |6 BIB740 |7 1 |9 62589 |a Arxiu |b Arxiu |d 2022-06-30 |o Bib-740 |p 26102 |r 2022-06-30 00:00:00 |w 2022-06-30 |y ARXIU |z Donatiu BGR | ||
| 999 | |c 19948 |d 19948 | ||